000 00615nam a22001817a 4500
999 _c16644
_d16644
008 220303b ||||| |||| 00| 0 eng d
020 _a9780367727567
082 _22020
_aDC 337.15
_bY926
100 _aYunling, Zhang.
_944389
245 _aOn East Asian regional Cooperation I :
_bideality and reality /
_cZhang Yunling.
260 _aLondon :
_bRoutledge ;
_c©2020.
300 _aix, 164 pages :
_billustrations ;
_c23 cm.
500 _aIncludes index.
650 _aLCSH: East Asian cooperation.
_944390
650 _zEast Asia
_xForeign economic relations.
_944391
650 _zASEAN.
_944392
942 _2ddc
_cDC